| 000 | 01060 am a2200301 a 4500 | ||
|---|---|---|---|
| 005 | 20240223091940.0 | ||
| 008 | 100630s1995||||ag # f |||| 001 0 spa d | ||
| 020 | _a9508920114 | ||
| 041 | _aspa | ||
| 092 |
_c614.07 _l82 _sTES |
||
| 100 | 1 |
_aTesta, Mario. _924 |
|
| 245 |
_aPensamiento estratégico y lógica de programación (el caso de salud) / _cMario Testa. |
||
| 250 | _a1a ed. | ||
| 260 |
_aBuenos Aires: _bLugar Editorial; _c1995. |
||
| 300 | _a295 p. | ||
| 500 | _aTesta, M. (1995). Pensamiento estratégico y lógica de programación (el caso de salud). (1a ed.). Buenos Aires : Lugar Editorial. | ||
| 590 | _aDonación Editorial Lugar, Nov. 2005 | ||
| 653 | _aPensamiento estratégico | ||
| 653 | _aPolítica y estrategia | ||
| 653 | _aCultura como problema estratégico | ||
| 653 | _aLógica de programación | ||
| 653 | _aLógica de la organización | ||
| 653 | _aLógica de la población | ||
| 653 | _aIndicadores | ||
| 653 | _aTiempos técnicos (la lógica) y políticos (la estrategia) | ||
| 930 | _a1365 | ||
| 942 |
_2ddc _cBK |
||
| 999 |
_c452 _d452 |
||